Biggest World Cities within 100 Km by First 2 Letters - Statistics

General Stats
  • This quiz has been taken 7,792 times
    7,759 since last reset
  • The average score is 2583 of 3202
Answers on the Map
Answers color-coded by a green-red scale on the quiz's map according to % correct below.
 
Answer Stats
Country City % Correct
United States Beatty
96%
South Africa Beaufort West
96%
United States Beaumont
96%
Algeria Bechar
96%
China Bei'an
96%
China Beihai
96%
China Beijing
96%
Mozambique Beira
96%
Pakistan Bela
96%
Russia Belaya Gora
96%
Somalia Beledweyne
96%
Brazil Belém
96%
United Kingdom Belfast
96%
Serbia Belgrade
96%
Nigeria Beli
96%
Belize Belize City
96%
India Bellary
96%
Brazil Belo Horizonte
96%
Russia Beloyarskiy
96%
Russia Belyy Yar
96%
United States Bemidji
96%
United States Bend
96%
Australia Bendigo
96%
Libya Benghazi
96%
Indonesia Bengkulu
96%
Nigeria Benin City
96%
South Sudan Bentiu
96%
Somalia Berbera
96%
Central African Republic Berberati
96%
Russia Berdigestyakh
96%
Somalia Bereeda
96%
Russia Berezniki
96%
Russia Berezovyy
96%
Norway Bergen
96%
Russia Beringovskiy
96%
Germany Berlin
96%
Australia Berri
96%
Cameroon Bertoua
96%
United States Bethel
96%
Kazakhstan Beyneu
96%
Russia Bezhetsk
96%
Paraguay Caaguazu
95%
Brazil Cacador
95%
Argentina Cafayate
95%
Philippines Cagayan
95%
Philippines Cagayan de Oro
95%
Italy Cagliari
95%
Australia Cairns
95%
Egypt Cairo
95%
Peru Cajamarca
95%
Nigeria Calabar
95%
Venezuela Calabozo
95%
Chile Calama
95%
Canada Calgary
95%
Colombia Cali
95%
Angola Caluquembe
95%
South Africa Calvinia
95%
Cuba Camaguey
95%
Bolivia Camargo
95%
Argentina Camarones
95%
Bolivia Camiri
95%
Canada Campbell River
95%
Mexico Campeche
95%
Brazil Campina Grande
95%
Argentina Campo Gallo
95%
Brazil Campo Grande
95%
Brazil Campos
95%
Brazil Campos Belos
95%
Turkey Canakkale
95%
Australia Canberra
95%
Mexico Cancun
95%
Vietnam Can Tho
95%
Brazil Canutama
95%
United States Cape Coral
95%
United States Cape Girardeau
95%
Brazil Capelinha
95%
South Africa Cape Town
95%
Paraguay Capitan Pablo Lagerenza
95%
Venezuela Caracas
95%
Brazil Carauari
95%
Mauritius Cargados Carajos
95%
United States Carlsbad
95%
Australia | South Africa Carnarvon
95%
Brazil Caruaru
95%
Venezuela Carupano
95%
Morocco Casablanca
95%
Brazil Cascavel
95%
United States Casper
95%
Chile Castro
95%
Italy Catania
95%
Italy Catanzaro
95%
Argentina Catriel
95%
France Cayenne
95%
Angola Lobito
95%
Ethiopia Lobuni
95%
Russia Lodeynoye Pole
95%
Democratic Republic of the Congo Lodja
95%
Kenya Lodwar
95%
Poland Lodz
95%
Myanmar Loikaw
95%
Ecuador Loja
95%
Togo Lomé
95%
United Kingdom London
95%
Brazil Londrina
95%
Norway Longyearbyen
95%
Pakistan Loralai
95%
Papua New Guinea Lorengau
95%
Mexico Loreto
95%
Russia Lorino
95%
United States Los Angeles
95%
Spain Los Llanos de Aridane
95%
Argentina Los Menucos
95%
Mexico Los Mochis
95%
East Timor Lospalos
95%
South Africa Louis Trichardt
95%
United States Louisville
95%
Jordan Ma'an
95%
Guyana Mabaruma
95%
Botswana Mabuli
95%
Brazil Macapa
95%
Brazil Maceió
95%
Ecuador Machala
95%
Australia Mackay
95%
United States Macon
95%
Papua New Guinea Madang
95%
United States Madison
95%
Spain Madrid
95%
India Madurai
95%
Thailand Mae Sot
95%
Russia Magadan
95%
Russia Magdagachi
95%
Russia Magistral'nyy
95%
Russia Magnitogorsk
95%
Madagascar Mahajanga
95%
Madagascar Mahanoro
95%
Guyana Mahdia
95%
Nigeria Maiduguri
95%
Madagascar Maintirano
95%
Marshall Islands Majuro
95%
Indonesia Makassar
95%
Sierra Leone Makeni
95%
Russia Makhachkala
95%
Kiribati Makin Village
95%
Gabon Makokou
95%
Tanzania Makumbako
95%
Nigeria Makurdi
95%
Equatorial Guinea Malabo
95%
Spain Málaga
95%
South Sudan Malakal
95%
Angola Malanje
95%
Turkey Malatya
95%
Uruguay Maldonado
95%
Maldives Male
95%
Kenya Malindi
95%
Namibia Maltahohe
95%
United States Mammoth Lakes
95%
France Mamoudzou
95%
Côte d'Ivoire Man
95%
Indonesia Manado
95%
Nicaragua Managua
95%
Madagascar Manakara
95%
Madagascar Mananara
95%
Brazil Manaus
95%
United Kingdom Manchester
95%
Myanmar Mandalay
95%
Mongolia Mandalgovi
95%
Kenya Mandera
95%
Democratic Republic of the Congo Mangai
95%
India Mangalore
95%
Malawi Mangochi
95%
Brazil Manicore
95%
Denmark Maniitsoq
95%
Philippines Manila
95%
Indonesia Manokwari
95%
Zambia Mansa
95%
Ecuador Manta
95%
Mexico Manuel Ojinaga
95%
Mexico Manzanillo
95%
Swaziland Manzini
95%
Chad Mao
95%
Bolivia Mapiri
95%
Mozambique Maputo
95%
Brazil Maraa
95%
Brazil Maraba
95%
Venezuela Maracaibo
95%
Libya Maradah
95%
Kenya Maralal
95%
Canada Marathon
95%
Argentina Mar del Plata
95%
South Sudan Maridi
95%
Namibia Mariental
95%
Russia Mariinsk
95%
Ukraine Mariupol
95%
Cameroon Maroua
95%
United States Marquette
95%
Morocco Marrakesh
95%
Egypt Marsa Alam
95%
Kenya Marsabit
95%
France Marseille
95%
Turkmenistan Mary
95%
Uganda Masaka
95%
Iran Mashhad
95%
Zimbabwe Masvingo
95%
Democratic Republic of the Congo Matadi
95%
France Mata-Utu
95%
Mexico Matehuala
95%
Japan Matsue-shi
95%
Venezuela Maturin
95%
Botswana Maun
95%
Myanmar Mawlaik
95%
Myanmar Mawlamyine
95%
Mozambique Maxixe
95%
Afghanistan Maymana
95%
Afghanistan Mazar-e Sharif
95%
Mexico Mazatlan
95%
Belarus Mazyr
95%
Somalia Baardheere
94%
Tanzania Babati
94%
Belarus Babruysk
94%
Brazil Bacabal
94%
Philippines Bacolod City
94%
Spain Badajoz
94%
Cameroon Bafia
94%
Russia Bagdarin
94%
Brazil Bage
94%
Iraq Baghdad
94%
Philippines Baguio
94%
Argentina Bahia Blanca
94%
Ethiopia Bahir Dar
94%
India Bahraich
94%
China Baicheng
94%
Somalia Baidoa
94%
China Baihe
94%
China Baijiantan
94%
China Baise City
94%
China Baishan
94%
Kazakhstan Bakanas
94%
Russia Bakchar
94%
United States Bakersfield
94%
Azerbaijan Baku
94%
Philippines Balabac
94%
Russia Balakovo
94%
Russia Balashov
94%
India Balasore
94%
Turkey Balikesir
94%
Indonesia Balikpapan
94%
Turkmenistan Balkanabat
94%
Kazakhstan Balqash
94%
Brazil Balsas
94%
Iran Bam
94%
Mali Bamako
94%
Central African Republic Bambari
94%
Cameroon Bamenda
94%
Afghanistan Bamyan
94%
Indonesia Banda Aceh
94%
Iran Bandar 'Abbas
94%
Somalia Bandarbeyla
94%
Iran Bandar-e Bushehr
94%
Iran Bandar-e Lengeh
94%
Indonesia Bandar Lampung
94%
Democratic Republic of the Congo Bandundu
94%
Indonesia Bandung
94%
India Bangalore
94%
Central African Republic Bangassou
94%
Thailand Bangkok
94%
United States Bangor
94%
Central African Republic Bangui
94%
Bosnia and Herzegovina Banja Luka
94%
Indonesia Banjarmasin
94%
Cameroon Banyo
94%
China Baoding
94%
China Baoji
94%
China Baotou
94%
Indonesia Barabai
94%
Belarus Baranovichi
94%
Spain | Venezuela Barcelona
94%
Brazil Barcelos
94%
Libya Bardiyah
94%
India Bareilly
94%
Eritrea Barentu
94%
Italy Bari
94%
Venezuela Barinas
94%
Mauritania Barkewol
94%
India Barmer
94%
Russia Barnaul
94%
Venezuela Barquisimeto
94%
Brazil Barra do Bugres
94%
Brazil Barra do Corda
94%
Brazil Barra do Garcas
94%
Peru Barranca
94%
Colombia Barranquilla
94%
Brazil Barreiras
94%
Brazil Barreirinhas
94%
United States Barrow
94%
Mongolia Baruun-Urt
94%
Philippines Basco
94%
Democratic Republic of the Congo Basoko
94%
Iraq Basra
94%
France Bastia
94%
Equatorial Guinea Bata
94%
Russia Batagay
94%
Russia Batagay-Alyta
94%
Central African Republic Batangafo
94%
United States Baton Rouge
94%
Cambodia Battambang
94%
Georgia Batumi
94%
Indonesia Baturaja
94%
Nigeria Bauchi
94%
Brazil Bauru
94%
Ghana Bawku
94%
Mongolia Bayanhongor
94%
Russia Baykit
94%
Kazakhstan Baykonyr
94%
Argentina Necochea
94%
Russia Neftekamsk
94%
China Nehe
94%
Tonga Neiafu
94%
Colombia Neiva
94%
India Nellore
94%
Canada | New Zealand Nelson
94%
South Africa Nelspruit
94%
Mauritania Nema
94%
Japan Nemuro
94%
Russia Nerchinsk
94%
Russia Neryungri
94%
Argentina Neuquen
94%
Tanzania Newala Kisimani
94%
Australia | South Africa | United Kingdom Newcastle
94%
Australia Newman
94%
United States New Orleans
94%
New Zealand New Plymouth
94%
United States New York
94%
Russia Nezhdaninskoe
94%
Libya Sabha
94%
Iran Sabzevar
94%
United States Sacramento
94%
Pakistan Sadiqabad
94%
United States Safford
94%
Morocco Safi
94%
China Saga
94%
Mali Sagalo
94%
India Sagar
94%
Chad Sagh
94%
Canada Saguenay
94%
Mexico Sahuaripa
94%
Canada Saint-Augustin
94%
France Saint-Denis
94%
United States Saint George
94%
Grenada | United Kingdom Saint George's
94%
France Saint-Georges-de-l'Oyapock
94%
Canada Saint John
94%
Canada Saint John's
94%
France Saint-Laurent-du-Maroni
94%
United States Saint Louis
94%
Senegal Saint-Louis
94%
Russia Saint Petersburg
94%
France Saint-Pierre
94%
United States Saipan
94%
Saudi Arabia Sakaka
94%
Nigeria Saki
94%
Thailand Sakon Nakhon
94%
Ghana Salaga
94%
Oman Salalah
94%
Spain Salamanca
94%
South Africa Saldanha
94%
Russia Salekhard
94%
India Salem
94%
Belarus Salihorsk
94%
Mexico Salina Cruz
94%
Brazil Salinas
94%
Russia Sal'sk
94%
Argentina Salta
94%
United States Salt Lake City
94%
Brazil Salvador
94%
Russia Salym
94%
Austria Salzburg
94%
Russia Samagaltay
94%
Russia Samara
94%
Uzbekistan Samarqand
94%
India Sambalpur
94%
Indonesia Sampit
94%
Turkey Samsun
94%
Mali San
94%
Yemen Sana'a
94%
Argentina San Agustin de Valle Fertil
94%
Iran Sanandaj
94%
Colombia San Andres
94%
United States San Angelo
94%
United States San Antonio
94%
Argentina San Antonio de los Cobres
94%
Argentina San Antonio Oeste
94%
Guatemala San Benito
94%
Bolivia San Borja
94%
Argentina San Carlos de Bariloche
94%
Malaysia Sandakan
94%
United States San Diego
94%
United States Sand Point
94%
Mexico San Felipe
94%
Venezuela San Fernando Apure
94%
Argentina San Fernando del Valle de Catamarca
94%
United States San Francisco
94%
Russia Sangar
94%
Thailand Sangkhla Buri
94%
India Sangli
94%
Bolivia San Ignacio de Velasco
94%
Costa Rica San José
94%
Philippines San Jose
94%
Argentina San Jose de Jachal
94%
Mexico San Jose del Cabo
94%
Colombia San Jose del Guaviare
94%
Argentina | United States San Juan
94%
Mexico San Juan Bautista Tuxtepec
94%
Argentina San Julian
94%
Turkey Sanliurfa
94%
Argentina | Mexico San Luis
94%
Mexico San Luis Potosí
94%
Argentina San Martin de los Andes
94%
Bolivia San Matias
94%
El Salvador San Miguel
94%
Argentina San Miguel de Tucuman
94%
China Sanming
94%
Côte d'Ivoire San-Pedro
94%
Mexico San Pedro Madera
94%
Honduras San Pedro Sula
94%
Argentina San Rafael
94%
Bolivia San Ramon
94%
Argentina San Ramon de la Nueva Oran
94%
El Salvador San Salvador
94%
Cuba Santa Clara
94%
Bolivia Santa Cruz
94%
Dominican Republic Santa Cruz de Barahona
94%
Brazil Santa Cruz do Sul
94%
Venezuela Santa Elena de Uairen
94%
Argentina Santa Fe de la Vera Cruz
94%
Brazil Santa Helena de Goias
94%
Argentina Santa Isabel
94%
Brazil Santa Isabel do Rio Negro
94%
Brazil Santa Luzia
94%
Brazil | Cape Verde | United States Santa Maria
94%
Mexico Santa Maria del Oro
94%
Brazil Santana do Livramento
94%
Brazil Santarem
94%
Argentina Santa Rosa
94%
Mexico Santa Rosalia
94%
Brazil Santa Vitoria do Palmar
94%
Brazil | Chile | Philippines Santiago
94%
Cuba Santiago de Cuba
94%
Argentina Santiago del Estero
94%
Dominican Republic Santiago de los Caballeros
94%
Panama Santiago de Veraguas
94%
Mexico Santiago Papasquiaro
94%
Mexico Santiago Pinotepa Nacional
94%
São Tomé and Príncipe Santo Antonio
94%
Brazil Santo Antonio do Ica
94%
Dominican Republic Santo Domingo
94%
China Sanya
94%
Brazil Sao Borja
94%
Brazil Sao Felix do Xingu
94%
Brazil Sao Gabriel da Cachoeira
94%
Brazil Sao Joao dos Inhamuns
94%
Brazil Sao Jose do Rio Preto
94%
Brazil São Luís
94%
Brazil Sao Miguel do Araguaia
94%
Brazil São Paulo
94%
Brazil Sao Paulo de Olivenca
94%
Brazil Sao Raimundo Nonato
94%
São Tomé and Príncipe Sao Tome
94%
Vietnam Sa Pa
94%
Japan Sapporo
94%
Peru Saquena
94%
Bosnia and Herzegovina Sarajevo
94%
Iran Sarakhs
94%
Russia Saranpaul'
94%
Russia Saransk
94%
Russia Saratov
94%
Iran Sari
94%
Kazakhstan Sarkand
94%
Argentina Sarmiento
94%
Kazakhstan Sarykamys
94%
Canada Saskatoon
94%
Russia Saskylakh
94%
Italy Sassari
94%
Peru Satipo
94%
India Satna
94%
Canada Sault Ste. Marie
94%
Angola Saurimo
94%
United States Savannah
94%
Tuvalu Savave Village
94%
Benin Save
94%
Russia Sayansk
94%
Kazakhstan Sayaq
94%
China Sayibage
94%
Mongolia Saynshand
94%
Kazakhstan Sayotesh
94%
Russia Anadyr
93%
Argentina Anatuya
93%
United States Anchorage
93%
Portugal Angra do Heroismo
93%
China Ankang
93%
Turkey Ankara
93%
Madagascar Ankazoabo
93%
Algeria Annaba
93%
Iraq An Najaf al Ashraf
93%
Iraq An Nasiriyah
93%
Saudi Arabia An Nimas
93%
Sudan An Nuhud
93%
China Anqing
93%
Madagascar Antalaha
93%
Turkey Antalya
93%
Madagascar Antananarivo
93%
Chile Antofagasta
93%
Argentina Antofagasta de la Sierra
93%
Mozambique Antonio Enes
93%
Madagascar Antsirabe
93%
Madagascar Antsiranana
93%
Madagascar Antsohihy
93%
South Africa De Aar
93%
Ethiopia Debre Birhan
93%
Ethiopia Debre Mark'os
93%
United States Dededo Village
93%
Burkina Faso Dedougou
93%
India Dehradun
93%
Syria Deir ez-Zor
93%
Russia De-Kastri
93%
India Delhi
93%
United States Deltana
93%
Turkey Denizli
93%
Indonesia Denpasar
93%
United States Denver
93%
Russia Deputatsky
93%
Pakistan Dera Ismail Khan
93%
Russia Derbent
93%
Australia Derby
93%
Kazakhstan Derzhavinsk
93%
Ethiopia Dese
93%
United States Des Moines
93%
United States Detroit
93%
United States Devils Lake
93%
United Arab Emirates Al Ain
92%
Egypt Al `Alamayn
92%
Iraq Al `Amarah
92%
United States Alamogordo
92%
United States Alamosa
92%
Turkey Alanya
92%
Spain Albacete
92%
Saudi Arabia Al Bahah
92%
Australia | United States Albany
92%
Egypt Al Bawiti
92%
Yemen Al Bayda'
92%
Syria Albu Kamal
92%
United States Albuquerque
92%
Australia Albury
92%
Russia Aldan
92%
Mauritania Aleg
92%
Brazil Alegrete
92%
Russia Aleksandrovsk-Sakhalinskiy
92%
Syria Aleppo
92%
Norway Alesund
92%
Egypt | United States Alexandria
92%
Russia Aleysk
92%
Sudan Al Fulah
92%
Yemen Al Ghayzah
92%
Algeria Algiers
92%
Yemen Al Hazm
92%
Morocco Al Hoceima
92%
Yemen Al Hudaydah
92%
Saudi Arabia Al Hufuf
92%
Australia Alice Springs
92%
South Africa Aliwal North
92%
Libya Al Jaghbub
92%
Libya Al Jawf
92%
Egypt Al Kharijah
92%
Iraq Al Kut
92%
India Allahabad
92%
Egypt Al Mahallah al Kubra
92%
Kazakhstan Almaty
92%
Brazil Almeirim
92%
Brazil Almenara
92%
Spain Almeria
92%
Sudan Al Mijlad
92%
Egypt Al Minya
92%
Yemen Al Mukalla
92%
Saudi Arabia Al Muwayh
92%
New Zealand Alofi
92%
Papua New Guinea Alotau
92%
United States Alpena
92%
Sudan Al Qadarif
92%
Libya Al Qatrun
92%
Saudi Arabia Al Qaysumah
92%
Saudi Arabia Al Qurayyat
92%
Oman Al Sohar
92%
Norway Alta
92%
Mongolia Altai
92%
Brazil Altamira
92%
China Altay
92%
United States Altoona
92%
United States Alturas
92%
Saudi Arabia Al 'Ula
92%
Saudi Arabia Al Wajh
92%
India Alwar
92%
Australia Alyangula
92%
Brazil Coari
92%
Mexico Coatzacoalcos
92%
Australia Cobar
92%
Bolivia Cobija
92%
Bolivia Cochabamba
92%
Chile Cochrane
92%
Bahamas | United Kingdom Cockburn Town
92%
Brazil Codajas
92%
United States Cody
92%
Australia Coffs Harbour
92%
Chile Coihaique
92%
India Coimbatore
92%
Portugal Coimbra
92%
Canada Cold Lake
92%
United States College Station
92%
Sri Lanka Colombo
92%
Federated States of Micronesia Colonia
92%
United States Colorado Springs
92%
United States Columbia
92%
United States Columbus
92%
Argentina Comandante Luis Piedra Buena
92%
Argentina Comodoro Rivadavia
92%
Guinea Conakry
92%
Brazil Conceicao do Araguaia
92%
Paraguay Concepcion
92%
Argentina Concordia
92%
Vietnam Con Son
92%
Romania Constanta
92%
Algeria Constantine
92%
Peru Contamana
92%
Australia Coober Pedy
92%
Bahamas Cooper's Town
92%
Denmark Copenhagen
92%
Chile Copiapo
92%
Chile Coquimbo
92%
Argentina Córdoba
92%
Spain Cordoba
92%
Ireland Cork
92%
Canada Corner Brook
92%
Venezuela Coro
92%
Philippines Coron
92%
Argentina Coronel Suarez
92%
United States Corpus Christi
92%
Turkey Corum
92%
Brazil Corumba
92%
Brazil Coxim
92%
United States Mobile
92%
United States Mobridge
92%
Mozambique Mocimboa
92%
France Moerai
92%
Somalia Mogadishu
92%
Belarus Mogilev
92%
Russia Mogocha
92%
Norway Mo i Rana
92%
Kenya Mombasa
92%
Mexico Monclova
92%
Canada Moncton
92%
Chad Mongo
92%
Zambia Mongu
92%
United States Monroe
92%
Liberia Monrovia
92%
Jamaica Montego Bay
92%
Mozambique Montepuez
92%
Colombia Monteria
92%
Mexico Monterrey
92%
Brazil Montes Claros
92%
Uruguay Montevideo
92%
United States Montgomery
92%
Canada Mont-Laurier
92%
France Montpellier
92%
Canada Montréal
92%
Australia Moora
92%
Mali Mopti
92%
Peru Moquegua
92%
Australia Moranbah
92%
Australia Moree
92%
Papua New Guinea Morehead
92%
Mexico Morelia
92%
Tanzania Morogoro
92%
Mongolia Mörön
92%
Madagascar Morondava
92%
Comoros Moroni
92%
Brazil Morros
92%
Russia Moscow
92%
Republic of the Congo Mossendjo
92%
Brazil Mossoro
92%
Iraq Mosul
92%
Russia Motygino
92%
Gabon Mouila
92%
Chad Moundou
92%
Australia Mount Gambier
92%
Papua New Guinea Mount Hagen
92%
Australia Mount Isa
92%
Chad Moussoro
92%
Comoros Moutsamoudou
92%
Kenya Moyale
92%
Peru Moyobamba
92%
Kazakhstan Moyynkum
92%
Denmark Paamiut
92%
India Padam
92%
Indonesia Padang
92%
Indonesia Padangsidempuan
92%
United States Pago Pago
92%
Laos Pakxe
92%
Russia Palana
92%
Indonesia Palangkaraya
92%
India Palanpur
92%
Equatorial Guinea Pale
92%
Indonesia Palembang
92%
Mexico Palenque
92%
Italy Palermo
92%
Russia Pallasovka
92%
Spain Palma
92%
Brazil Palmas
92%
New Zealand Palmerston North
92%
Indonesia Palopo
92%
Indonesia Palu
92%
Panama | United States Panama City
92%
Tonga Pangai
92%
Indonesia Pangkalanbuun
92%
Indonesia Pangkalpinang
92%
Canada Pangnirtung
92%
Central African Republic Paoua
92%
Brazil Paracatu
92%
Brazil Paragominas
92%
Brazil Paraiso das Aguas
92%
Benin Parakou
92%
Suriname Paramaribo
92%
Indonesia Parepare
92%
Brazil Parintins
92%
France Paris
92%
United States Parkersburg
92%
Brazil Parnaiba
92%
Estonia Parnu
92%
Mexico Parras de la Fuente
92%
Iran Parsabad
92%
Brazil Passo Fundo
92%
Colombia Pasto
92%
Myanmar Pathein
92%
India Patna
92%
Brazil Patos
92%
Brazil Patos de Minas
92%
Greece Patra
92%
France Pau
92%
Brazil Pauini
92%
Brazil Paulo Afonso
92%
Kazakhstan Pavlodar
92%
Madagascar Toamasina
92%
Indonesia Tobelo
92%
Palau Tobi Village
92%
Russia Tobol'sk
92%
Libya Tobruk
92%
Peru Tocache Nuevo
92%
Chile Tocopilla
92%
Federated States of Micronesia Tofol
92%
Tuvalu Toga Village
92%
United States Tok
92%
Japan Tokyo
92%
Madagascar Toliara
92%
Australia Tom Price
92%
Russia Tomsk
92%
China Tongliao
92%
United States Tonopah
92%
Russia Toora-Khem
92%
Australia Toowoomba
92%
Iran Torbat-e Heydariyeh
92%
Iran Torbat-e Jam
92%
Kazakhstan Torghay
92%
Canada Toronto
92%
Mexico Torreón
92%
Denmark Torshavn
92%
Mongolia Tosontsengel
92%
Argentina Tostado
92%
Russia Tot'ma
92%
Senegal Touba
92%
France Toulouse
92%
Australia Townsville
92%
Sierra Leone Bo
91%
Brazil Boa Vista
91%
Burkina Faso Bobo-Dioulasso
91%
Brazil Boca do Acre
91%
Russia Bodaybo
91%
Norway Bodo
91%
Democratic Republic of the Congo Boende
91%
Colombia Bogotá
91%
Russia Boguchany
91%
United States Boise
91%
Iran Bojnurd
91%
Chad Bokoro
91%
Democratic Republic of the Congo Bolobo
91%
Italy Bologna
91%
Brazil Bom Jesus
91%
Brazil Bom Jesus da Lapa
91%
Canada Bonavista
91%
Democratic Republic of the Congo Bondo
91%
India Bongaigaon
91%
Philippines Bongao
91%
Gabon Booue
91%
South Sudan Bor
91%
France Bordeaux
91%
Russia Borovichi
91%
Russia Borzya
91%
Somalia Bosaso
91%
Democratic Republic of the Congo Bosobolo
91%
Central African Republic Bossangoa
91%
United States Boston
91%
Côte d'Ivoire Bouake
91%
Mali Bougouni
91%
Côte d'Ivoire Bouna
91%
Australia Bourke
91%
Chad Bousso
91%
Australia Bowen
91%
United States Bozeman
91%
Central African Republic Bozoum
91%
China Dadukou
91%
South Korea Daejeon
91%
Senegal Dakar
91%
Morocco Dakhla
91%
Mongolia Dalandzadgad
91%
Pakistan Dalbandin
91%
China Dali
91%
China Dalian
91%
United States Dallas
91%
Russia Dal'negorsk
91%
Côte d'Ivoire Daloa
91%
Syria Damascus
91%
Saudi Arabia Dammam
91%
Vietnam Da Nang
91%
China Dandong
91%
South Africa Danielskuil
91%
China Daqing
91%
Tanzania Dar es Salaam
91%
Mongolia Darhan
91%
Libya Darnah
91%
Papua New Guinea Daru
91%
Australia Darwin
91%
China Datong
91%
Latvia Daugavpils
91%
Canada Dauphin
91%
Philippines Davao
91%
United States Davenport
91%
Panama David
91%
Myanmar Dawei
91%
Canada Dawson City
91%
Yemen Hadibu
91%
China Haikou
91%
China Hailar
91%
United States Haines
91%
Canada Haines Junction
91%
Saudi Arabia Hajrat al Khinbish
91%
Turkey Hakkari
91%
Japan Hakodate
91%
Canada Halifax
91%
Australia Halls Creek
91%
Iran Hamadan
91%
Germany Hamburg
91%
North Korea Hamhung
91%
China Hami
91%
China Handan
91%
Chile Hanga Roa
91%
China Hangzhou
91%
Vietnam Hanoi
91%
Germany Hanover
91%
China Hanzhong
91%
Canada Happy Valley-Goose Bay
91%
Zimbabwe Harare
91%
China Harbin
91%
Somalia Hargeisa
91%
Mongolia Harhorin
91%
Liberia Harper
91%
United States Harrisburg
91%
United States Harrisonburg
91%
Norway Harstad
91%
United States Hartford
91%
New Zealand Hastings
91%
United States Hattiesburg
91%
Cuba Havana
91%
United States Havre
91%
Canada Havre-Saint-Pierre
91%
Ethiopia Hawassa
91%
United States Hawthorne
91%
Australia Hay
91%
Saudi Arabia Hayil
91%
Oman Hayma'
91%
Canada Hay River
91%
United States Hays
91%
Australia Hobart
91%
United States Hobbs
91%
Somalia Hobyo
91%
Vietnam Ho Chi Minh City
91%
Iceland Hoefn
91%
Uganda Hoima
91%
Kenya Hola
91%
Cuba Holguin
91%
Syria Homs
91%
China Hong Kong
91%
Solomon Islands Honiara
91%
United States Honolulu
91%
United States Hooper Bay
91%
Australia Horsham
91%
China Hotan
91%
United States Houghton
91%
United States Houston
91%
Mongolia Hovd
91%
China Hoxtolgay
91%
China Jiaojiang
91%
Canada Meadow Lake
91%
Indonesia Medan
91%
Colombia Medellín
91%
United States Medford
91%
Canada Medicine Hat
91%
Saudi Arabia Medina
91%
Cameroon Meiganga
91%
Myanmar Meiktila
91%
Ethiopia Mekele
91%
Australia Melbourne
91%
Chad Melfi
91%
Ukraine Melitopol'
91%
Uruguay Melo
91%
Australia Melville
91%
United States Memphis
91%
Mali Menaka
91%
Argentina Mendoza
91%
Angola Menongue
91%
Mexico Mérida
91%
Venezuela Merida
91%
United States Meridian
91%
Australia Merimbula
91%
Australia Merredin
91%
Egypt Mersa Matruh
91%
Ethiopia Metu
91%
Indonesia Meulaboh
91%
Mexico Mexicali
91%
Mexico Mexico City
91%
Russia Mezen'
91%
New Zealand Auckland
90%
United States Augusta
90%
Solomon Islands Auki
90%
Marshall Islands Aur
90%
India Aurangabad
90%
United States Austin
90%
Solomon Islands Buala
90%
Colombia Bucaramanga
90%
Romania Bucharest
90%
Hungary Budapest
90%
Philippines Budta
90%
Argentina Buenos Aires
90%
United States Buffalo
90%
Burundi Bujumbura
90%
Democratic Republic of the Congo Bukama
90%
Iran Bukan
90%
Democratic Republic of the Congo Bukavu
90%
Uzbekistan Bukhara
90%
Tanzania Bukoba
90%
Zimbabwe Bulawayo
90%
Democratic Republic of the Congo Bumba
90%
Australia Bundaberg
90%
Democratic Republic of the Congo Bunia
90%
Saudi Arabia Buraydah
90%
Somalia Burco
90%
Canada Burgeo
90%
Australia Burnie
90%
United States Burns
90%
Turkey Bursa
90%
South Korea Busan
90%
Democratic Republic of the Congo Businga
90%
Democratic Republic of the Congo Buta
90%
Democratic Republic of the Congo Butembo
90%
United States Butte
90%
Philippines Butuan
90%
Somalia Buulobarde
90%
Somalia Buur Gaabo
90%
Russia Buzuluk
90%
Saudi Arabia Duba
90%
United Arab Emirates Dubai
90%
Australia Dubbo
90%
Ireland Dublin
90%
Ethiopia Dubti
90%
United States Duluth
90%
Indonesia Dumai
90%
Bahamas Duncan Town
90%
New Zealand Dunedin
90%
China Dunhua
90%
Mexico Durango
90%
Uruguay Durazno
90%
South Africa Durban
90%
Tajikistan Dushanbe
90%
United States Dutch Harbor
90%
Somalia Laascaanood
90%
Guinea Labe
90%
Argentina Laboulaye
90%
Canada Labrador City
90%
Indonesia Labuhanbajo
90%
Honduras La Ceiba
90%
United States La Crosse
90%
Papua New Guinea Lae
90%
Brazil Lages
90%
Algeria Laghouat
90%
Nigeria Lagos
90%
Pakistan Lahore
90%
United States Lake Havasu City
90%
Ecuador La Libertad
90%
Colombia La Macarena
90%
United States Lamar
90%
Gabon Lambarene
90%
Fiji Lambasa
90%
Italy Lampedusa
90%
Kenya Lamu
90%
Indonesia Langsa
90%
China Lanzhou
90%
Philippines Laoag
90%
China Laochenglu
90%
Bolivia | Mexico La Paz
90%
Peru La Rinconada
90%
Argentina La Rioja
90%
Greece Larisa
90%
France La Rochelle
90%
Canada La Ronge
90%
Myanmar Lashio
90%
Afghanistan Lashkar Gah
90%
Somalia Las Khorey
90%
Argentina Las Lomitas
90%
Spain Las Palmas de Gran Canaria
90%
United States Las Vegas
90%
Solomon Islands Lata
90%
India Latur
90%
Australia Launceston
90%
Fiji Lautoka
90%
Mexico Lazaro Cardenas
90%
China Lianzhou
90%
United States Liberal
90%
Costa Rica Liberia
90%
Gabon Libreville
90%
Mozambique Lichinga
90%
Australia Lightning Ridge
90%
China Lijiang
90%
Democratic Republic of the Congo Likasi
90%
Marshall Islands Likiep
90%
Malawi Lilongwe
90%
Peru Lima
90%
France Limoges
90%
Costa Rica Limon
90%
China Linyi
90%
Austria Linz
90%
Democratic Republic of the Congo Lisala
90%
Portugal Lisbon
90%
United States Little Rock
90%
China Liupanshui
90%
China Liuzhou
90%
Zambia Livingstone
90%
Tanzania Liwale
90%
United States Miami
90%
China Mianyang
90%
United States Midland
90%
Tunisia Midoun
90%
Mexico Miguel Ahumada
90%
Russia Mikhaylovka
90%
Italy Milan
90%
Australia Mildura
90%
United States Miles City
90%
Marshall Islands Mili
90%
United States Milwaukee
90%
Cape Verde Mindelo
90%
Nigeria Minna
90%
United States Minneapolis
90%
United States Minot
90%
Belarus Minsk
90%
Colombia Miraflores
90%
Canada Miramichi
90%
Malaysia Miri
90%
Russia Mirny
90%
Libya Misratah
90%
United States Missoula
90%
United States Mitchell
90%
Colombia Mitu
90%
Kazakhstan Miyaly
90%
Bolivia Mizque
90%
Brazil Pocos de Caldas
90%
Montenegro Podgorica
90%
Russia Podkamennaya Tunguska
90%
France Poindimie
90%
Republic of the Congo Pointe-Noire
90%
Nepal Pokhara
90%
South Africa Polokwane
90%
Ukraine Poltava
90%
Portugal Ponta Delgada
90%
Brazil Pontes e Lacerda
90%
Indonesia Pontianak
90%
Colombia Popayan
90%
Papua New Guinea Popondetta
90%
Brazil Porangatu
90%
Finland Pori
90%
Russia Poronaysk
90%
Haiti Port-au-Prince
90%
France Port-aux-Francais
90%
India Port Blair
90%
Haiti Port-de-Paix
90%
South Africa Port Elizabeth
90%
Gabon Port-Gentil
90%
Nigeria Port Harcourt
90%
Australia Port Hedland
90%
Australia Port Keats
90%
United States Portland
90%
Australia Port Lincoln
90%
Mauritius Port Louis
90%
Australia Port Macquarie
90%
Mauritius Port Mathurin
90%
Papua New Guinea Port Moresby
90%
Portugal Porto
90%
Brazil Porto Alegre
90%
Brazil Porto Murtinho
90%
Brazil Porto Seguro
90%
Brazil Porto Velho
90%
Egypt Port Said
90%
South Africa Port Shepstone
90%
Sudan Port Sudan
90%
Vanuatu Port Vila
90%
Argentina Posadas
90%
Indonesia Poso
90%
Brazil Posse
90%
Brazil Posto Fiscal Rolim de Moura
90%
Mexico Poza Rica de Hidalgo
90%
Poland Poznan
90%
Iran Abadeh
89%
Russia Abakan
89%
Niger Abalak
89%
Russia Abaza
89%
Chad Abeche
89%
Côte d'Ivoire Abengourou
89%
United Kingdom | United States Aberdeen
89%
Côte d'Ivoire Abidjan
89%
United States Abilene
89%
Bahamas Abraham's Bay
89%
United Arab Emirates Abu Dhabi
89%
Nigeria Abuja
89%
Sudan Abu Jibeha
89%
Egypt Abu Sunbul
89%
India Jabalpur
89%
Marshall Islands Jabat
89%
Marshall Islands Jabor
89%
Brazil Jacareacanga
89%
United States Jackson
89%
United States Jacksonville
89%
Peru Jaen
89%
Sri Lanka Jaffna
89%
China Jagdaqi
89%
India Jaipur
89%
India Jaisalmer
89%
Indonesia Jakarta
89%
China Jalai Nur
89%
Afghanistan Jalalabad
89%
India Jalgaon
89%
Nigeria Jalingo
89%
Indonesia Jambi City
89%
United Kingdom | United States Jamestown
89%
India Jamshedpur
89%
Brazil Janauba
89%
Brazil Januaria
89%
Brazil Jardim
89%
Brazil Jatai
89%
Indonesia Jayapura
89%
India Jaypur
89%
Afghanistan Kabul
89%
Zambia Kabwe
89%
Russia Kachug
89%
Sudan Kadugli
89%
Nigeria Kaduna
89%
Mauritania Kaedi
89%
Central African Republic Kaga Bandoro
89%
Japan Kagoshima-shi
89%
Iran Kahriz
89%
United States Kahului
89%
New Zealand Kaikoura
89%
China Kaiyuan
89%
Finland Kajaani
89%
Greece Kalamata
89%
Australia Kalbarri
89%
Democratic Republic of the Congo Kalemie
89%
Zambia Kalengwa
89%
Australia Kalgoorlie
89%
United States Kalifornsky
89%
Russia Kaliningrad
89%
United States Kalispell
89%
Sri Lanka Kalmunai
89%
Russia Kamen'-na-Obi
89%
Democratic Republic of the Congo Kamina
89%
Canada Kamloops
89%
Uganda Kampala
89%
Guinea Kamsar
89%
Russia Kamyshin
89%
Democratic Republic of the Congo Kananga
89%
Japan Kanazawa-shi
89%
Afghanistan Kandahar
89%
Benin Kandi
89%
Botswana Kang
89%
China Kangding
89%
North Korea Kanggye-si
89%
Guinea Kankan
89%
Nigeria Kano
89%
United States Kansas City
89%
Russia Kansk
89%
Taiwan Kaohsiung
89%
Zambia Kaoma
89%
United States Kapa'a
89%
Malaysia Kapit
89%
South Sudan Kapoeta
89%
Canada Kapuskasing
89%
Zambia Kaputa
89%
Pakistan Karachi
89%
Kazakhstan Karagandy
89%
Kyrgyzstan Karakol
89%
Turkey Karaman
89%
Russia Kargasok
89%
India Kargil
89%
Zimbabwe Kariba
89%
Greece Karpathos
89%
Russia Karpogory
89%
Australia Karratha
89%
Russia Kartaly
89%
Zambia Kasama
89%
China Kashi
89%
Democratic Republic of the Congo Kasongo
89%
Democratic Republic of the Congo Kasongo-Lunda
89%
Sudan Kassala
89%
Germany Kassel
89%
Malawi Kasungu
89%
Indonesia Katabu
89%
Australia Katherine
89%
Nepal Kathmandu
89%
Namibia Katima Mulilo
89%
Poland Katowice
89%
Nigeria Katsina
89%
Greece Kavala
89%
India Kavaratti
89%
Papua New Guinea Kavieng
89%
United States Kayenta
89%
Mali Kayes
89%
Turkey Kayseri
89%
Russia Kazan
89%
Russia Naberezhnyye Chelny
89%
Indonesia Nabire
89%
Mozambique Nacala
89%
Russia Nadym
89%
Japan Nagano-shi
89%
Japan Nagoya
89%
India Nagpur
89%
China Nagqu
89%
Japan Naha
89%
Maldives Naifaru
89%
Kenya Nairobi
89%
Saudi Arabia Najran
89%
Thailand Nakhon Ratchasima
89%
Thailand Nakhon Sawan
89%
Thailand Nakhon Si Thammarat
89%
Kenya Nakuru
89%
Libya Nalut
89%
Uzbekistan Namangan
89%
Marshall Islands Namdrik
89%
Angola Namibe
89%
Mozambique Nampula
89%
Zambia Namwala
89%
China Nanchang
89%
China Nanchong
89%
India Nanded
89%
China Nanjing
89%
China Nanning
89%
France Nantes
89%
Brazil Nanuque
89%
China Nanyang
89%
Kiribati Napari Village
89%
Italy Naples
89%
Australia Narrogin
89%
Russia Nar'yan-Mar
89%
Kyrgyzstan Naryn
89%
United States Nashville
89%
India Nasik
89%
Bahamas Nassau
89%
Botswana Nata
89%
Brazil Natal
89%
United States Natchez
89%
Belarus Navapolatsk
89%
Brazil Navirai
89%
Myanmar Naypyidaw
89%
Peru Nazca
89%
Japan Naze
89%
Russia Nazyvayevsk
89%
United States Seattle
89%
Russia Segezha
89%
Mali Segou
89%
Côte d'Ivoire Seguela
89%
Mauritania Selibabi
89%
Indonesia Semarang
89%
Republic of the Congo Sembe
89%
Kazakhstan Semey
89%
Iran Semnan
89%
Brazil Sena Madureira
89%
Japan Sendai
89%
Brazil Senhor do Bonfim
89%
South Korea Seoul
89%
Canada Sept-Iles
89%
Zambia Serenje
89%
Kazakhstan Sergeyevka
89%
Russia Serov
89%
Botswana Serowe
89%
Brazil Serra Talhada
89%
Algeria Setif
89%
Ukraine Sevastopol
89%
Russia Severnoye
89%
Russia Severobaikalsk
89%
Russia Severo-Yeniseyskiy
89%
Spain Seville
89%
Russia Seymchan
89%
United Kingdom Adamstown
88%
Turkey Adana
88%
Turkey Adapazari
88%
Sudan Ad Dabbah
88%
Sudan Ad-Damazin
88%
Saudi Arabia Ad Dawadimi
88%
Ethiopia Addis Ababa
88%
Australia Adelaide
88%
Yemen Aden
88%
Nigeria Ado-Ekiti
88%
Algeria Adrar
88%
United States Amarillo
88%
Ecuador Ambato
88%
Madagascar Ambilobe
88%
Indonesia Ambon
88%
Madagascar Ambovombe
88%
Papua New Guinea Ambunti
88%
Russia Amga
88%
Jordan Amman
88%
Madagascar Ampanihy
88%
Madagascar Amparafaravola
88%
India Amravati
88%
Chad Am Timan
88%
New Zealand Atafu Village
88%
Togo Atakpame
88%
Yemen Ataq
88%
Mauritania Atar
88%
Sudan Atbara
88%
Kazakhstan Atbasar
88%
Greece Athens
88%
Chad Ati
88%
United States Atlanta
88%
Russia Atlasovo
88%
Yemen At Tahalif
88%
France Atuona
88%
Kazakhstan Atyrau
88%
Indonesia Biak
88%
Bosnia and Herzegovina Bihac
88%
India Bikaner
88%
Spain Bilbao
88%
Russia Bilibino
88%
United States Billings
88%
Niger Bilma
88%
Nicaragua Bilwi
88%
Indonesia Bima
88%
Malaysia Bintulu
88%
Central African Republic Birao
88%
Iran Birjand
88%
Malta Birkirkara
88%
United Kingdom | United States Birmingham
88%
Nigeria Birnin Kebbi
88%
Russia Birobidzhan
88%
Kyrgyzstan Bishkek
88%
Algeria Biskra
88%
Philippines Bislig
88%
United States Bismarck
88%
Guinea-Bissau Bissau
88%
Macedonia Bitola
88%
Nigeria Biu
88%
Russia Biysk
88%
Brazil Braganca
88%
India Brahmapur
88%
Canada Brandon
88%
Brazil Brasília
88%
Romania Brasov
88%
Russia Bratsk
88%
Belarus | France Brest
88%
Brazil Breves
88%
Central African Republic Bria
88%
Barbados Bridgetown
88%
Australia Brisbane
88%
United Kingdom Bristol
88%
Czech Republic Brno
88%
United States Broadus
88%
Australia Broken Hill
88%
Canada Brooks
88%
Australia Broome
88%
United States Brownwood
88%
Brazil Brumado
88%
Belgium Brussels
88%
Russia Bryansk
88%
Iran Chabahar
88%
Trinidad and Tobago Chaguanas
88%
Argentina Chamical
88%
United States Champaign
88%
India Chandigarh
88%
India Chandrapur
88%
China Changchun
88%
China Changde
88%
China Changsha
88%
Greece Chania
88%
Tanzania Chanika
88%
Canada Channel-Port aux Basques
88%
Kazakhstan Chapaev
88%
Brazil Chapeco
88%
United States Charleston
88%
United States Charlotte
88%
Canada Charlottetown
88%
Australia Charters Towers
88%
United States Chattanooga
88%
Russia Cheboksary
88%
Russia Chegdomyn
88%
Russia Chelyabinsk
88%
China Chengde
88%
China Chengdu
88%
India Chennai
88%
China Chenzhou
88%
Russia Cherepovets
88%
Ukraine Cherkasy
88%
Ukraine Chernihiv
88%
Ukraine Chernivtsi
88%
Russia Chernushka
88%
Russia Cherskiy
88%
Mexico Chetumal
88%
Thailand Chiang Mai
88%
Thailand Chiang Rai
88%
Canada Chibougamau
88%
United States Chicago
88%
Peru Chiclayo
88%
United States Chico
88%
China Chifeng
88%
Mexico Chihuahua
88%
Peru Chimbote
88%
Mozambique Chimoio
88%
Zimbabwe Chinhoyi
88%
Zambia Chinsali
88%
Zambia Chipata
88%
Zimbabwe Chipinge
88%
Zimbabwe Chiredzi
88%
Moldova Chisinau
88%
Russia Chita
88%
Bangladesh Chittagong
88%
Zimbabwe Chivhu
88%
Argentina Choele Choel
88%
Mongolia Choibalsan
88%
Russia Chokurdakh
88%
Zambia Choma
88%
North Korea Chongjin
88%
China Chongqing
88%
Argentina Chos Malal
88%
Mongolia Choyr
88%
New Zealand Christchurch
88%
United States Christiansted
88%
Russia Chumikan
88%
Thailand Chumphon
88%
Russia Churapcha
88%
Laos Muang Pakxan
88%
Laos Muang Phonsavan
88%
China Mudanjiang
88%
Pakistan Multan
88%
India Mumbai
88%
Zambia Mumbwa
88%
Germany Munich
88%
Indonesia Muntok
88%
Spain Murcia
88%
Tajikistan Murghob
88%
Russia Murmansk
88%
Libya Murzuq
88%
Oman Muscat
88%
Tanzania Musoma
88%
United Arab Emirates Muzayri`
88%
Russia Muzhi
88%
Canada Peace River
88%
Russia Pechora
88%
United States Pecos
88%
Hungary Pecs
88%
Paraguay Pedro Juan Caballero
88%
Indonesia Pekanbaru
88%
Russia Peleduy
88%
Brazil Pelotas
88%
Mozambique Pemba
88%
Russia Penza
88%
Colombia Pereira
88%
Argentina Perito Moreno
88%
Russia Perm
88%
France Perpignan
88%
Australia Perth
88%
Italy Perugia
88%
Italy Pescara
88%
Pakistan Peshawar
88%
Zambia Petauke
88%
Canada Petawawa
88%
United States Petersburg
88%
Brazil Petrolina
88%
Kazakhstan Petropavlov
88%
Russia Petropavlovsk-Kamchatsky
88%
Russia Petrovsk-Zabaykal'skiy
88%
Russia Petrozavodsk
88%
Russia Pevek
88%
Brazil Ribeirao Preto
87%
Bolivia Riberalta
87%
South Africa Richards Bay
87%
United States Richfield
87%
United States Richmond
87%
United States Ridgecrest
87%
Latvia Riga
87%
China Rikaze
87%
France Rikitea
87%
Italy Rimini
87%
Canada Rimouski
87%
Brazil Rio Branco
87%
Argentina Rio Cuarto
87%
Brazil Rio de Janeiro
87%
Argentina Rio Gallegos
87%
United States Riverton
87%
Canada Riviere-du-Loup
87%
Ukraine Rivne
87%
Saudi Arabia Riyadh
87%
Mexico Guadalajara
86%
Argentina Gualeguaychu
86%
Malaysia Gua Musang
86%
Brazil Guanambi
86%
China Guangyuan
86%
China Guangzhou
86%
Brazil Guarapuava
86%
Guatemala Guatemala City
86%
Argentina Guatrache
86%
Ecuador Guayaquil
86%
Russia Gubkinskiy
86%
Morocco Guelmim
86%
China Guilin
86%
China Guiyang
86%
India Gulbarga
86%
Uganda Gulu
86%
Brazil Gurupi
86%
Nigeria Gusau
86%
India Guwahati
86%
Tanzania Kibiti
86%
Mali Kidal
86%
Ukraine Kiev
86%
Mauritania Kiffa
86%
Rwanda Kigali
86%
Tanzania Kigoma
86%
Democratic Republic of the Congo Kikwit
86%
Yemen Kilmia
86%
Papua New Guinea Kimbe
86%
South Africa Kimberley
86%
Canada Kindersley
86%
Guinea Kindia
86%
Democratic Republic of the Congo Kindu
86%
Australia | Canada | Jamaica Kingston
86%
Saint Vincent and the Grenadines Kingstown
86%
Democratic Republic of the Congo Kinshasa
86%
Solomon Islands Kirakira
86%
Tanzania Kirando
86%
Russia Kirensk
86%
United Kingdom Kirkwall
86%
Russia Kirov
86%
Ukraine Kirovohrad
86%
Sweden Kiruna
86%
Democratic Republic of the Congo Kisangani
86%
Somalia Kismayo
86%
Japan Kitami
86%
Zambia Kitwe
86%
Papua New Guinea Kiunga
86%
Iran Tabas
86%
Tanzania Tabora
86%
Iran Tabriz
86%
Saudi Arabia Tabuk
86%
Kiribati Tabwakea Village
86%
Peru Tacna
86%
Uruguay Tacuarembo
86%
Syria Tadmur
86%
China Tahe
86%
Niger Tahoua
86%
Taiwan Taichung
86%
France Taiohae
86%
Taiwan Taipei
86%
China Taiyuan
86%
Yemen Ta`izz
86%
Ghana Takoradi
86%
Russia Taksimo
86%
Russia Talaya
86%
Chile Talca
86%
Chile Talcahuano
86%
Kazakhstan Taldyqorghan
86%
United States Tallahassee
86%
Chile Taltal
86%
Ghana Tamale
86%
Algeria Tamanrasset
86%
Senegal Tambacounda
86%
Peru Tambopata
86%
Russia Tambov
86%
South Sudan Tambura
86%
Colombia Tame
86%
United States Tampa
86%
Finland Tampere
86%
Mexico Tampico
86%
Australia Tamworth
86%
Argentina Tandil
86%
Tanzania Tanga
86%
Morocco Tangier
86%
China Tangshan
86%
Indonesia Tanjung Pandan
86%
Niger Tanout
86%
Tuvalu Tanrake Village
86%
Morocco Tan-Tan
86%
Mali Taoudenni
86%
Mexico Tapachula
86%
Russia Tara
86%
Indonesia Tarakan
86%
Colombia Tarapaca
86%
Brazil Tarauaca
86%
Kiribati Tarawa
86%
Kazakhstan Taraz
86%
Bolivia Tarija
86%
Australia Taroom
86%
Estonia Tartu
86%
Uzbekistan Tashkent
86%
Denmark Tasiilaq
86%
Russia Tatarsk
86%
United States Ta`u
86%
United States Taulaga
86%
Myanmar Taunggyi
86%
Russia Tavda
86%
Malaysia Tawau
86%
Russia Tayshet
86%
Russia Tazovskiy
86%
Brazil João Pessoa
85%
Argentina Joaquin V. Gonzalez
85%
India Jodhpur
85%
Finland Joensuu
85%
South Africa Johannesburg
85%
Brazil Joinville
85%
Philippines Jolo
85%
Sweden Jonkoping
85%
India Jorhat
85%
Nigeria Jos
85%
Japan Osaka
85%
Namibia Oshakati
85%
Norway Oslo
85%
Chile Osorno
85%
Russia Ossora
85%
Russia Ostashkov
85%
Sweden Ostersund
85%
Russia Ostrovnoy
85%
Brazil Recife
85%
Argentina Reconquista
85%
Argentina Recreo
85%
Canada Red Deer
85%
United States Redding
85%
Canada Red Lake
85%
Algeria Reggane
85%
Canada Regina
85%
France Reims
85%
United States Reno
85%
Argentina Resistencia
85%
Iceland Reykjavik
85%
United States Roanoke
85%
Bolivia Robore
85%
United States Rochester
85%
Australia Rockhampton
85%
United States Rock Springs
85%
Australia Roma
85%
Italy Rome
85%
Brazil Rondonopolis
85%
Marshall Islands Rongelap
85%
Argentina Rosario
85%
Russia Roslavl'
85%
Russia Rossosh'
85%
Russia Rostov
85%
United States Roswell
85%
Netherlands Rotterdam
85%
Finland Rovaniemi
85%
Australia Roxby Downs
85%
Ghana Wa
85%
Libya Waddan
85%
Sudan Wad Medani
85%
Australia Wagga Wagga
85%
Indonesia Waingapu
85%
New Zealand Waitangi
85%
Kenya Wajir
85%
Japan Wakkanai
85%
Namibia Walvis Bay
85%
China Wancheng
85%
China Wanzhou
85%
India Warangal
85%
Namibia Warmbad
85%
Australia Warrnambool
85%
Poland Warsaw
85%
United States Washington
85%
Nicaragua Waspam
85%
Ireland Waterford
85%
Democratic Republic of the Congo Watsa
85%
Canada Watson Lake
85%
South Sudan Wau
85%
United States Wausau
85%
Mexico Acapulco
84%
Ghana Accra
84%
Russia Achinsk
84%
Spain A Coruña
84%
Japan Asahikawa
84%
India Āsansol
84%
Samoa Asau
84%
Ethiopia Asbe Teferi
84%
Bolivia Ascension
84%
United States Asheville
84%
Turkmenistan Ashgabat
84%
Eritrea Asmara
84%
Ethiopia Asosa
84%
Eritrea Assab
84%
Saudi Arabia As Sulayyil
84%
Kazakhstan Astana
84%
Russia Astrakhan'
84%
Paraguay Asunción
84%
Egypt Aswan
84%
Egypt Asyut
84%
China Lengshuitan
84%
Finland Vaasa
84%
India Vadodara
84%
France Vaitape
84%
Argentina Valcheta
84%
United States Valdez
84%
Canada Val-d'Or
84%
United States Valdosta
84%
Spain | Venezuela Valencia
84%
Spain Valladolid
84%
Venezuela Valle de La Pascua
84%
Colombia Valledupar
84%
Chile Vallenar
84%
Latvia Valmiera
84%
Turkey Van
84%
Russia Vanavara
84%
Canada Vancouver
84%
United States Van Horn
84%
India Varanasi
84%
Brazil Varginha
84%
Bulgaria Varna
84%
Sweden Vaxjo
84%
United States Healy
83%
China Hefei
83%
China Hegang
83%
Finland Helsinki
83%
China Hengyang
83%
Greece Heraklion
83%
Afghanistan Herat
83%
Mexico Hercules
83%
Mexico Hermosillo
83%
Mexico Heroica Caborca
83%
Mexico Heroica Guaymas
83%
India Kochi
83%
United States Kodiak
83%
Russia Kodinsk
83%
Russia Kogalym
83%
Cambodia Koh Kong
83%
Finland Kokkola
83%
Mali Kokofata
83%
Papua New Guinea Kokopo
83%
Kazakhstan Kokshetau
83%
Senegal Kolda
83%
India Kolkata
83%
Mali Kolokani
83%
Federated States of Micronesia Kolonia
83%
Russia Kolpashevo
83%
Democratic Republic of the Congo Kolwezi
83%
Russia Komsomolsk-on-Amur
83%
Democratic Republic of the Congo Kongolo
83%
Ukraine Konotop
83%
Nigeria Kontagora
83%
Turkey Konya
83%
India Korba
83%
Ethiopia Korem
83%
Côte d'Ivoire Korhogo
83%
Palau Koror State
83%
Russia Kosh-Agach
83%
Slovakia Kosice
83%
Kazakhstan Kostanay
83%
Sudan Kosti
83%
Russia Kostomuksha
83%
Poland Koszalin
83%
India Kotā
83%
Malaysia Kota Bharu
83%
Malaysia Kota Kinabalu
83%
Uganda Kotido
83%
Russia Kotlas
83%
United States Kotzebue
83%
Guinea Koundara
83%
Mali Koutiala
83%
India Kozhikode
83%
Mexico Nogales
83%
Russia Nogliki
83%
Botswana Nokaneng
83%
United States Nome
83%
Russia Noril'sk
83%
Canada Norman Wells
83%
Canada North Battleford
83%
Canada North Bay
83%
United States North Platte
83%
United Kingdom Norwich
83%
Mauritania Nouadhibou
83%
Mauritania Nouakchott
83%
France Noumea
83%
Brazil Nova Olinda do Norte
83%
Brazil Nova Vicosa
83%
Russia Novaya Chara
83%
Brazil Novo Aripuana
83%
Russia Novokuznetsk
83%
Russia Novorossiysk
83%
Russia Novosibirsk
83%
Russia Novyy Uoyan
83%
Russia Novyy Urengoy
83%
Russia Noyabrsk
83%
United States Dodge City
82%
Tanzania Dodoma
82%
Niger Dogondoutchi
82%
Qatar Doha
82%
Republic of the Congo Dolisie
82%
Argentina Dolores
82%
Ukraine Donetsk
82%
Sudan Dongola
82%
Burkina Faso Dori
82%
Niger Dosso
82%
Kazakhstan Dostyq
82%
United States Dothan
82%
Cameroon Douala
82%
Mali Douentza
82%
Brazil Dourados
82%
Angola Luanda
82%
Laos Luang Prabang
82%
Zambia Luangwa
82%
Angola Luau
82%
Angola Lubango
82%
Democratic Republic of the Congo Lubao
82%
United States Lubbock
82%
Poland Lublin
82%
Democratic Republic of the Congo Lubumbashi
82%
Angola Lucapa
82%
Bahamas Lucaya
82%
India Lucknow
82%
Namibia Luderitz
82%
Angola Luena
82%
United States Lufkin
82%
Vanuatu Luganville
82%
Ukraine Luhansk
82%
Democratic Republic of the Congo Lukolela
82%
Sweden Lulea
82%
Cambodia Lumphat
82%
China Luoyang
82%
Zimbabwe Lupane
82%
Zambia Lusaka
82%
Democratic Republic of the Congo Lusambo
82%
Zambia Luwingu
82%
Indonesia Luwuk
82%
Egypt Luxor
82%
Lithuania Siauliai
82%
Pakistan Sibi
82%
Romania Sibiu
82%
Malaysia Sibu
82%
Central African Republic Sibut
82%
Peru Sicuani
82%
Argentina Sierra Grande
82%
France Sigave
82%
Guinea Siguiri
82%
Cambodia Sihanoukville
82%
India Sikar
82%
Mali Sikasso
82%
Indonesia Sinabang
82%
Singapore Singapore
82%
Tanzania Singida
82%
Indonesia Singkawang
82%
India Singrauli
82%
Iraq Sinjar
82%
Brazil Sinop
82%
United States Sioux City
82%
United States Sioux Falls
82%
China Siping
82%
Iran Sirjan
82%
Libya Sirte
82%
Denmark Sisimiut
82%
United States Sitka
82%
Myanmar Sittwe
82%
Indonesia Situbondo
82%
Nicaragua Siuna
82%
Turkey Sivas
82%
Egypt Siwa Oasis
82%
Algeria Tebessa
82%
Brazil Tefe
82%
Honduras Tegucigalpa
82%
Russia Tegul'det
82%
Iran Tehran
82%
Mexico Tehuacan
82%
Turkmenistan Tejen
82%
Israel Tel Aviv-Jaffa
82%
Chile Temuco
82%
Côte d'Ivoire Tengrela
82%
Australia Tennant Creek
82%
Brazil Teofilo Otoni
82%
Mexico Tepic
82%
Brazil Teresina
82%
Indonesia Ternate
82%
Ukraine Ternopil'
82%
Canada Terrace
82%
Mozambique Tete
82%
United States Texarkana
82%
India Tezpur
82%
Brazil Aracaju
81%
Brazil Aracatuba
81%
Brazil Araguaina
81%
Iran Arak
81%
China | Kazakhstan Aral
81%
Namibia Aranos
81%
Mali Araouane
81%
Brazil Arapiraca
81%
Saudi Arabia 'Ar'ar
81%
Brazil Araripina
81%
Colombia Arauca
81%
Papua New Guinea Arawa
81%
Brazil Araxa
81%
Ethiopia Arba Minch'
81%
Iran Ardabil
81%
Peru Arequipa
81%
Nauru Arijejen
81%
Brazil Aripuana
81%
Brazil Ariquemes
81%
Kazakhstan Arkalyk
81%
Russia Arkhangel'sk
81%
Syria Ar Raqqah
81%
Spain Arrecife
81%
Iraq Ar Rutbah
81%
United Arab Emirates Ar Ruways
81%
Russia Arsen'yev
81%
Bahamas Arthur's Town
81%
Uganda Arua
81%
Tanzania Arusha
81%
Mongolia Arvayheer
81%
Eritrea Edd
81%
United Kingdom Edinburgh of the Seven Seas
81%
Turkey Edirne
81%
Canada Edmonton
81%
Canada Edmundston
81%
Brazil Sobral
81%
Russia Sochi
81%
Finland Sodankyla
81%
Bulgaria Sofia
81%
Colombia Sogamoso
81%
Angola Soio
81%
Georgia Sokhumi
81%
Mali Sokolo
81%
Nigeria Sokoto
81%
Vanuatu Sola
81%
Russia Solnechnyy
81%
Tanzania Songea
81%
Palau Sonsorol Village
81%
Indonesia Sorong
81%
Russia Sosnovo-Ozerskoye
81%
Brazil Sousa
81%
Tunisia Sousse
81%
United Kingdom Southampton
81%
United States South Bend
81%
Russia Sovetskaya Gavan'
81%
United Kingdom Stanley
81%
Russia Staryy Oskol
81%
Norway Stavanger
81%
Russia Stavropol'
81%
United States Steamboat Springs
81%
Kazakhstan Stepnogorsk
81%
United States Sterling
81%
Russia Sterlitamak
81%
Sweden Stockholm
81%
United Kingdom Stornoway
81%
Cambodia Stung Treng
81%
Germany Stuttgart
81%
Sudan Gebeit
80%
Democratic Republic of the Congo Gemena
80%
Sudan Geneina
80%
Argentina General Pico
80%
Philippines General Santos
80%
Switzerland Geneva
80%
China Genhe
80%
Italy Genoa
80%
South Africa George
80%
Bahamas | Malaysia | United Kingdom George Town
80%
Guyana | United Kingdom Georgetown
80%
Kazakhstan Georgievka
80%
Australia Geraldton
80%
Iran Gerash
80%
Malaysia Kuala Lumpur
80%
Malaysia Kuala Terengganu
80%
Malaysia Kuantan
80%
China Kuche
80%
Malaysia Kuching
80%
Malaysia Kudat
80%
Russia Kudymkar
80%
Canada Kugluktuk
80%
Maldives Kulhudhuffushi
80%
Tuvalu Kulia Village
80%
Tajikistan Kulob
80%
Ghana Kumasi
80%
Afghanistan Kunduz
80%
Russia Kungurtug
80%
China Kunming
80%
Australia Kununurra
80%
Finland Kuopio
80%
Indonesia Kupang
80%
Sudan Kuraymah
80%
Kazakhstan Kurchatov
80%
Kazakhstan Kurchum
80%
Estonia Kuressaare
80%
Russia Kurgan
80%
Japan Kuril'sk
80%
Russia Kursk
80%
Japan Kushiro
80%
Georgia K'ut'aisi
80%
Finland Kuusamo
80%
Kuwait Kuwait City
80%
Russia Kuybyshev
80%
Russia Kuznetsk
80%
Niger Niamey
80%
France Nice
80%
Cyprus Nicosia
80%
Japan Niigata-shi
80%
Russia Nikolayevsk-on-Amur
80%
Russia Nikol'sk
80%
China Ningbo
80%
Russia Nizhneudinsk
80%
Russia Nizhnevartovsk
80%
Russia Nizhniy Tagil
80%
Russia Nizhny Novgorod
80%
Indonesia Tual
80%
United States Tuba City
80%
Saudi Arabia Tubarjal
80%
United States Tucson
80%
Brazil Tucuma
80%
Venezuela Tucupita
80%
Brazil Tucurui
80%
Philippines Tuguegarao City
80%
Russia Tula
80%
United States Tulsa
80%
Russia Tulun
80%
Colombia Tumaco
80%
Tunisia Tunis
80%
United States Tupelo
80%
Russia Tura
80%
Saudi Arabia Turabah
80%
Saudi Arabia Turayf
80%
Pakistan Turbat
80%
Italy Turin
80%
Kazakhstan Turkestan
80%
Turkmenistan Turkmenabat
80%
Turkmenistan Turkmenbasy
80%
Finland Turku
80%
Russia Turukhansk
80%
Mexico Tuxtla Gutierrez
80%
France We
80%
Australia Weipa
80%
South Africa Welkom
80%
New Zealand Wellington
80%
Federated States of Micronesia Weno
80%
China Wenshan City
80%
China Wenzhou
80%
Botswana Werda
80%
United States West Gulfport
80%
Australia West Island
80%
United States West Wendover
80%
Papua New Guinea Wewak
80%
Iceland Isafjoerdur
79%
Vanuatu Isangel
79%
Iran Isfahan
79%
Japan Ishigaki
79%
Russia Ishim
79%
Democratic Republic of the Congo Isiro
79%
Somalia Iskushuban
79%
Turkey Istanbul
79%
Saudi Arabia Rabigh
79%
Russia Raduzhny
79%
Central African Republic Rafai
79%
Iran Rafsanjan
79%
South Sudan Raga
79%
India Raichur
79%
India Rajahmundry
79%
India Rajkot
79%
Bangladesh Rajshahi
79%
Botswana Rakops
79%
United States Raleigh
79%
India Ranchi
79%
Bangladesh Rangpur
79%
Canada Rankin Inlet
79%
United States Rapid City
79%
Iran | Tajikistan Rasht
79%
India Ratnagiri
79%
Australia Ravensthorpe
79%
Pakistan Rawalpindi
79%
United States Rawlins
79%
Russia Raychikhinsk
79%
China Tianjin
79%
China Tianshui
79%
Algeria Tiaret
79%
Mauritania Tidjikja
79%
Russia Tigil'
79%
Russia Tikhvin
79%
Russia Tiksi
79%
Russia Tilichiki
79%
Mali Timbuktu
79%
Algeria Timimoun
79%
Romania Timisoara
79%
Canada Timmins
79%
Algeria Tindouf
79%
Morocco Tinghir
79%
Argentina Tinogasta
79%
Ethiopia Tippi
79%
Albania Tirana
79%
India Tiruchirappalli
79%
Mexico Tizimin
79%
India Ahmadnagar
78%
India Ahmedabad
78%
Iran Ahvaz
78%
Cuba Ciego de Avila
78%
United States Cincinnati
78%
Venezuela Ciudad Bolivar
78%
Mexico Ciudad Constitucion
78%
Mexico Ciudad del Carmen
78%
Paraguay Ciudad del Este
78%
Venezuela Ciudad Guayana
78%
Mexico Ciudad Juárez
78%
Mexico Ciudad Obregon
78%
Mexico Ciudad Sabinas
78%
Mexico Ciudad Valles
78%
Mexico Ciudad Victoria
78%
France Faaa
78%
Chad Fada
78%
United States Fairbanks
78%
Federated States of Micronesia Fais
78%
Pakistan Faisalabad
78%
India Faizabad
78%
Afghanistan Farah
78%
United States Fargo
78%
United States Farmington
78%
Chad Faya-Largeau
78%
Afghanistan Fayzabad
78%
Somalia Gaalkacyo
78%
Botswana Gaborone
78%
Romania Galati
78%
United States Gallup
78%
Gabon Gamba
78%
Ethiopia Gambela
78%
India Ganganagar
78%
Azerbaijan Ganja
78%
Mali Gao
78%
Kenya Garissa
78%
Somalia Garoowe
78%
Cameroon Garoua
78%
Nigeria Gashua
78%
Canada Gaspe
78%
Russia Gayny
78%
Saudi Arabia Jeddah
78%
South Korea Jeju-si
78%
Brazil Jequie
78%
China Shache
78%
Russia Shadrinsk
78%
Russia Shagonar
78%
India Shahdol
78%
Afghanistan Shahrak
78%
Botswana Shakawe
78%
Russia Shakhun'ya
78%
Kazakhstan Shalkar
78%
Ethiopia Shambu
78%
China Shanghai
78%
China Shangrao
78%
China Shangri-La
78%
China Shantou
78%
China Shaoguan
78%
China Shaowu
78%
Russia Shar'ya
78%
China Shashi
78%
United States Shelby
78%
Sudan Shendi
78%
China Shenyang
78%
Australia Shepparton
78%
Canada Sherbrooke
78%
United States Sheridan
78%
Afghanistan Shibirghan
78%
Kazakhstan Shieli
78%
China Shihezi
78%
China Shijiazhuang
78%
India Shiliguri
78%
India Shimoga
78%
Afghanistan Shindand
78%
Tanzania Shinyanga
78%
Iran Shiraz
78%
China Shiyan
78%
India Sholapur
78%
United States Show Low
78%
United States Shreveport
78%
China Shuangjiang
78%
China Shuangyashan
78%
Kazakhstan Shubarkol
78%
Kazakhstan Shyghanaq
78%
Kazakhstan Shymkent
78%
Bolivia Sucre
78%
Egypt Suez
78%
China Suihua
78%
Pakistan Sukkur
78%
Indonesia Sumbawa Besar
78%
Tanzania Sumbawanga
78%
Angola Sumbe
78%
Ukraine Sumy
78%
Sweden Sundsvall
78%
Indonesia Sungai Penuh
78%
Russia Suntar
78%
Ghana Sunyani
78%
Oman Sur
78%
Indonesia Surabaya
78%
India Surat
78%
Thailand Surat Thani
78%
Russia Surgut
78%
Thailand Surin
78%
United States Susanville
78%
Russia Susuman
78%
Fiji Suva
78%
Mexico Vicente Guerrero
78%
Malaysia | Seychelles | United States Victoria
78%
Argentina Victorica
78%
Argentina Viedma
78%
Austria Vienna
78%
Spain Vigo
78%
India Vijayawada
78%
Brazil Vilhena
78%
Argentina Villaguay
78%
Mexico Villahermosa
78%
Argentina Villa Maria
78%
Argentina Villa Ojo de Agua
78%
Bolivia Villazon
78%
Lithuania Vilnius
78%
Maldives Vilufushi
78%
Russia Vilyuysk
78%
Vietnam Vinh
78%
Ukraine Vinnytsya
78%
United States Virginia Beach
78%
Sweden Visby
78%
India Vishakhapatnam
78%
Belarus Vitebsk
78%
Brazil Vitória
78%
Brazil Vitoria da Conquista
78%
Italy Foggia
77%
Brazil Fonte Boa
77%
Norway Forde
77%
Argentina Formosa
77%
Brazil Formosa do Rio Preto
77%
Brazil Fortaleza
77%
France Fort-de-France
77%
Canada Fort Frances
77%
Canada Fort McMurray
77%
Canada Fort McPherson
77%
Canada Fort Nelson
77%
Kazakhstan Fort-Shevchenko
77%
Canada | United States Fort Smith
77%
Canada Fort St. John
77%
United States Fort Wayne
77%
Mexico Hidalgo del Parral
77%
Canada High Level
77%
Canada High Prairie
77%
Tonga Hihifo
77%
Australia Hillston
77%
United States Hilo
77%
Myanmar Hinthada
77%
Canada Hinton
77%
Japan Hirara
77%
Japan Hiroshima
77%
South Sudan Leer
77%
Philippines Legaspi
77%
India Leh
77%
France Le Havre
77%
Germany Leipzig
77%
Russia Lensk
77%
Burkina Faso Leo
77%
Mexico León
77%
Kazakhstan Lepsy
77%
United Kingdom Lerwick
77%
France Les Abymes
77%
Haiti Les Cayes
77%
China Leshan
77%
Russia Leshukonskoye
77%
Russia Lesnoy
77%
Russia Lesosibirsk
77%
Russia Lesozavodsk
77%
Canada Lethbridge
77%
Guyana Lethem
77%
Colombia Leticia
77%
Botswana Letlhakane
77%
United States Lewiston
77%
United States Lewistown
77%
United States Lexington-Fayette
77%
Canada Quebec
77%
Australia | New Zealand | South Africa Queenstown
77%
Mozambique Quelimane
77%
Mexico Querétaro
77%
Pakistan Quetta
77%
Colombia Quibdo
77%
Argentina Quimili
77%
United States Quincy
77%
Vietnam Qui Nhon
77%
Ecuador Quito
77%
Brazil Quixada
77%
China Qujing
77%
Kazakhstan Qulsary
77%
Kazakhstan Qusmuryn
77%
Niger Agadez
76%
Morocco Agadir
76%
India Agra
76%
Turkey Agri
76%
Mexico Agua Prieta
76%
Mexico Aguascalientes
76%
Brazil Diamantina
76%
Brazil Diamantino
76%
Burkina Faso Diapaga
76%
India Dibrugarh
76%
United States Dickinson
76%
Chile Diego de Almagro
76%
Vietnam Dien Bien Phu
76%
France Dijon
76%
Russia Dikson
76%
East Timor Dili
76%
Sudan Dilling
76%
United States Dillingham
76%
India Dimapur
76%
Ethiopia Dire Dawa
76%
Côte d'Ivoire Divo
76%
Turkey Diyarbakir
76%
Ethiopia Goba
76%
Namibia Gobabis
76%
Argentina Gobernador Costa
76%
Brazil Goianesia
76%
Brazil Goiânia
76%
Zimbabwe Gokwe
76%
Nigeria Gombe
76%
Belarus Gomel
76%
Iran Gonabad
76%
Ethiopia Gondar
76%
Australia Goondiwindi
76%
India Gorakhpur
76%
Iran Gorgan
76%
Papua New Guinea Goroka
76%
Indonesia Gorontalo
76%
Sweden Gothenburg
76%
Brazil Governador Valadares
76%
Turkmenistan Gowurdak
76%
Chad Goz Beida
76%
Colombia Apartado
75%
Russia Apatity
75%
Samoa Apia
75%
Philippines Cebu
75%
United States Cedar Rapids
75%
Australia Ceduna
75%
Somalia Ceelbuur
75%
Somalia Ceeldheer
75%
Somalia Ceerigaabo
75%
Peru Juanjui
75%
Brazil Juazeiro do Norte
75%
South Sudan Juba
75%
Brazil Juiz de Fora
75%
Peru Juliaca
75%
United States Juneau
75%
Brazil Jutai
75%
Romania Oradea
75%
Kazakhstan Oral
75%
Algeria Oran
75%
Australia Orange
75%
Namibia Oranjemund
75%
China Ordos
75%
Turkey Ordu
75%
Russia Orenburg
75%
Brazil Oriximina
75%
United States Orlando
75%
Russia Orlik
75%
Pakistan Ormara
75%
Philippines Ormoc
75%
Russia Orsk
75%
Iran Orumiyeh
75%
Bolivia Oruro
75%
Russia Oryol
75%
Czech Republic Prague
75%
Cape Verde Praia
75%
United States Prescott
75%
Argentina Presidencia Roque Saenz Pena
75%
Brazil Presidente Prudente
75%
South Africa Prieska
75%
Canada Prince Albert
75%
Canada Prince George
75%
Canada Prince Rupert
75%
Kazakhstan Priozersk
75%
Kosovo Pristina
75%
India Proddatur
75%
Russia Provideniya
75%
Australia | Canada Sydney
75%
Russia Syktyvkar
75%
Bangladesh Sylhet
75%
United States Syracuse
75%
Russia Ak-Dovurak
74%
Democratic Republic of the Congo Aketi
74%
Russia Akhtubinsk
74%
Japan Akita Shi
74%
Mauritania Akjoujt
74%
Turkey Aksaray
74%
Kazakhstan Aktau
74%
Iceland Akureyri
74%
Mozambique Cuamba
74%
Colombia Cucuta
74%
Ecuador | Spain Cuenca
74%
Brazil Cuiaba
74%
Angola Cuito
74%
Mexico Culiacan
74%
Brazil Curitiba
74%
Peru Cusco
74%
Argentina Cutral-Co
74%
Philippines Cuyo
74%
Mexico Felipe Carrillo Puerto
74%
China Fenghuang
74%
Brazil Fernando de Noronha (Distrito Estadual)
74%
Turkey Fethiye
74%
Morocco Fez
74%
Japan Fukuoka
74%
Tuvalu Funafuti
74%
Portugal Funchal
74%
Maldives Fuvahmulah
74%
China Fuxin
74%
China Fuyang
74%
China Fuyu
74%
China Fuzhou
74%
Brazil Picos
74%
Mexico Piedras Negras
74%
United States Pierre
74%
Cuba Pinar del Rio
74%
China Pingdingshan
74%
China Pingliang
74%
Belarus Pinsk
74%
Brazil Pirapora
74%
Brazil Piripiri
74%
United States Pittsburgh
74%
Peru Piura
74%
United States Wichita
74%
United States Wichita Falls
74%
Netherlands Willemstad
74%
Canada Williams Lake
74%
United States Williston
74%
United States Wilmington
74%
Namibia Windhoek
74%
United States Winnemucca
74%
United States Winner
74%
Canada Winnipeg
74%
Nicaragua Nueva Guinea
73%
Mexico Nuevo Casas Grandes
73%
Mexico Nuevo Laredo
73%
United States Nuiqsut
73%
Tonga Nuku'alofa
73%
New Zealand Nukunonu
73%
Uzbekistan Nukus
73%
Germany Nuremberg
73%
Denmark Nuuk
73%
Peru Pucallpa
73%
India Puducherry
73%
Mexico Puebla
73%
Colombia Puerto Asis
73%
Venezuela Puerto Ayacucho
73%
Ecuador Puerto Ayora
73%
Argentina Puerto Deseado
73%
Mexico Puerto Escondido
73%
Ecuador Puerto Francisco de Orellana
73%
Colombia Puerto Leguizamo
73%
Chile Puerto Montt
73%
Chile Puerto Natales
73%
Mexico Puerto Penasco
73%
Philippines Puerto Princesa
73%
Bolivia Puerto Quijarro
73%
Mexico Puerto Vallarta
73%
India Pune
73%
Chile Punta Arenas
73%
Iran Zabol
73%
Mexico Zacatecas
73%
Morocco Zagora
73%
Croatia Zagreb
73%
Iran Zahedan
73%
Russia Zakamensk
73%
China Zalantun
73%
Sudan Zalingei
73%
Zambia Zambezi
73%
Philippines Zamboanga
73%
China Zangguy
73%
Iran Zanjan
73%
Russia Zapolyarnyy
73%
Spain Zaragoza
73%
Kazakhstan Zaysan
73%
Morocco El Aaiún
72%
Algeria El Bayadh
72%
Argentina El Calafate
72%
Colombia El Charco
72%
Sudan El Daein
72%
Kenya Eldoret
72%
Sudan El Fasher
72%
Russia Elista
72%
United States Elko
72%
Canada Elliot Lake
72%
Sudan El Obeid
72%
Algeria El Oued
72%
Venezuela El Tigre
72%
United States Ely
72%
Finland Inari
72%
Ethiopia Inda Silase
72%
Kazakhstan Inderbor
72%
United States Indianapolis
72%
India Indore
72%
Argentina Ingeniero Guillermo N. Juarez
72%
Argentina Ingeniero Jacobacci
72%
Colombia Inirida
72%
Democratic Republic of the Congo Inongo
72%
Algeria In Salah
72%
Canada Inuvik
72%
New Zealand Invercargill
72%
United Kingdom Inverness
72%
Tanzania Inyonga
72%
Algeria Ain Sefra
71%
Papua New Guinea Aitape
71%
India Aizawl
71%
Gabon Franceville
71%
Botswana Francistown
71%
Germany Frankfurt
71%
Sierra Leone Freetown
71%
United States Fresno
71%
Sweden Fristad
71%
Spain Gijon
71%
Brazil Gilbues
71%
Pakistan Gilgit
71%
United States Gillette
71%
Ethiopia Gimbi
71%
New Zealand Gisborne
71%
Solomon Islands Gizo
71%
Denmark Aalborg
70%
Denmark Aarhus
70%
Japan Aomori Shi
70%
Chad Aozou
70%
Senegal Kedougou
70%
Russia Kedrovyy
70%
Namibia Keetmanshoop
70%
Canada Kelowna
70%
Russia Kem'
70%
Russia Kemerovo
70%
Indonesia Kendari
70%
United States Kennewick
70%
Ukraine Kerch
70%
Papua New Guinea Kerema
70%
Iran Kerman
70%
United States Ketchikan
70%
United States Key West
70%
Turkey Trabzon
70%
Thailand Trang
70%
Australia Traralgon
70%
United States Traverse City
70%
Argentina Trelew
70%
Argentina Tres Arroyos
70%
Brazil Tres Lagoas
70%
Sri Lanka Trincomalee
70%
Bolivia | United States Trinidad
70%
Libya Tripoli
70%
Canada Trois-Rivieres
70%
Russia Troitsk
70%
Russia Troitsko-Pechorsk
70%
Norway Tromso
70%
Norway Trondheim
70%
France Troyes
70%
Peru Trujillo
70%
United States Truth or Consequences
70%
France Ajaccio
69%
Libya Ajdabiya
69%
India Ajmer
69%
Thailand Hua Hin
69%
China Huai'an
69%
Angola Huambo
69%
Peru Huancayo
69%
Peru Huanuco
69%
Peru Huaraz
69%
India Hubli
69%
Canada Hudson Bay
69%
China Huhehot
69%
Argentina Huinca Renanco
69%
Botswana Hukuntsi
69%
Brazil Humaita
69%
United States Huntsville
69%
Egypt Hurghada
69%
Bolivia Yacuiba
69%
Cameroon Yagoua
69%
United States Yakima
69%
Russia Yakutsk
69%
Thailand Yala
69%
South Sudan Yambio
69%
Côte d'Ivoire Yamoussoukro
69%
Saudi Arabia Yanbu` al Bahr
69%
China Yancheng
69%
China Yangjiang
69%
Myanmar Yangon
69%
China Yanji
69%
China Yantai
69%
Cameroon Yaoundé
69%
Canada Yarmouth
69%
Russia Yaroslavl
69%
Russia Yar-Sale
69%
Iran Yasuj
69%
Iran Yazd
69%
Saudi Arabia `Afif
68%
New Zealand Avarua
68%
Libya Awbari
68%
South Sudan Aweil
68%
Libya Awjilah
68%
Mexico Escarcega
68%
Turkey Eskisehir
68%
Ecuador Esmeraldas
68%
Australia Esperance
68%
Argentina Esquel
68%
Morocco Essaouira
68%
Canada Estevan
68%
Madagascar Fianarantsoa
68%
Paraguay Filadelfia
68%
Niger Filingue
68%
United Kingdom | United States Glasgow
68%
Russia Glazov
68%
South Africa Phalaborwa
68%
India Phalodi
68%
Vietnam Phan Thiet
68%
Thailand Phetchabun
68%
United States Philadelphia
68%
Thailand Phitsanulok
68%
Cambodia Phnom Penh
68%
United States Phoenix
68%
Laos Phongsali
68%
Thailand Phuket
68%
South Africa Phuthaditjhaba
68%
Peru Ayacucho
67%
Kazakhstan Ayagoz
67%
Russia Ayan
67%
Russia Aykhal
67%
Niger Ayorou
67%
Mauritania 'Ayoun el 'Atrous
67%
South Africa East London
67%
United States Eau Claire
67%
Mongolia Erdenet
67%
China Erenhot
67%
United States Erie
67%
Kazakhstan Ertis
67%
Turkey Erzincan
67%
Turkey Erzurum
67%
Namibia Otjiwarongo
67%
Canada Ottawa
67%
United States Ottumwa
67%
Russia Velikiye Luki
67%
Russia Velikiy Novgorod
67%
Russia Vel'sk
67%
Argentina Venado Tuerto
67%
Latvia Ventspils
67%
Mexico Veracruz
67%
Russia Verkhnyaya Inta
67%
United States Vernal
67%
Italy Verona
67%
China Wuhai
67%
China Wuhan
67%
Nigeria Wukari
67%
China Wuwei
67%
China Wuxi
67%
China Xiamen
67%
China Xi'an
67%
China Xiangyang
67%
China Xichang
67%
China Xilin Hot
67%
China Xining
67%
Brazil Xique Xique
67%
South Sudan Yei
67%
Russia Yekaterinburg
67%
Canada Yellowknife
67%
Russia Yemetsk
67%
Russia Yerbogachen
67%
Armenia Yerevan
67%
Kazakhstan Yereymentau
67%
Russia Yerofey Pavlovich
67%
China Ji'an
66%
China Jiayuguan
66%
China Jiexiu
66%
Ethiopia Jima
66%
Nigeria Jimeta
66%
China Jinan
66%
China Jingdezhen
66%
China Jinghong
66%
China Jining
66%
China Jinzhou
66%
Brazil Ji Parana
66%
China Jiujiang
66%
China Jixi
66%
Saudi Arabia Jizan
66%
China Zunyi
66%
Switzerland Zurich
66%
United States Omaha
64%
United States Omak
64%
Namibia Omaruru
64%
Gabon Omboue
64%
Russia Omsk
64%
Russia Omsukchan
64%
Jordan Aqaba
63%
Kazakhstan Aqsay
63%
Kazakhstan Aqtobe
63%
Brazil Aquidauana
63%
South Africa Graaff-Reinet
63%
Brazil Grajau
63%
Canada Grande Cache
63%
Canada Grande Prairie
63%
Canada Grand Falls-Windsor
63%
United States Grand Forks
63%
United States Grand Island
63%
United States Grand Junction
63%
United States Grand Rapids
63%
France Grand-Santi
63%
Austria Graz
63%
Canada Greater Sudbury
63%
United States Great Falls
63%
United States Green Bay
63%
United States Greensboro
63%
Canada Greenstone
63%
Liberia | United States Greenville
63%
New Zealand Greymouth
63%
Australia Griffith
63%
Netherlands Groningen
63%
Namibia Grootfontein
63%
United Kingdom Grytviken
63%
Iran Iranshahr
63%
Brazil Irece
63%
Chad Iriba
63%
Tanzania Iringa
63%
Russia Irkutsk
63%
United States Ironville
63%
Madagascar Vohipaho
63%
Russia Volgodonsk
63%
Russia Volgograd
63%
Russia Vologda
63%
Russia Vorkuta
63%
Russia Voronezh
63%
Russia Vostok
63%
Central African Republic Ouadda
62%
Burkina Faso Ouagadougou
62%
Burkina Faso Ouahigouya
62%
Algeria Ouargla
62%
Morocco Ouarzazat
62%
Republic of the Congo Ouesso
62%
Morocco Oujda
62%
Finland Oulu
62%
Chad Oum Hadjer
62%
Mongolia Ulaanbaatar
62%
Mongolia Ulaangom
62%
Mongolia Ulaanhudag
62%
Russia Ulan-Ude
62%
Mongolia Uliastay
62%
Russia Ulyanovsk
62%
United States Woodward
62%
United States Worland
62%
Marshall Islands Wotho
62%
Marshall Islands Wotje
62%
France Clermont-Ferrand
61%
United States Cleveland
61%
United States Clovis
61%
Romania Cluj-Napoca
61%
Canada Clyde River
61%
Indonesia Ende
61%
China Enshi
61%
Mexico Oaxaca
61%
Russia Rubtsovsk
61%
South Sudan Rumbek
61%
Namibia Rundu
61%
Brazil Eirunepe
60%
Australia Emerald
60%
United States Eugene
60%
United States Eureka
60%
Japan Okayama
60%
Russia Okha
60%
Russia Okhotsk
60%
United States Oklahoma City
60%
Gabon Okondja
60%
Argentina Olavarria
60%
Russia Olenyok
60%
Norway Olonkinbyen
60%
Poland Olsztyn
60%
Russia Olyokminsk
60%
Russia Uray
60%
Brazil Urucui
60%
Brazil Uruguaiana
60%
China Ürümqi
60%
Afghanistan Uruzgan
60%
Kazakhstan Urzhar
60%
China Zigong
60%
Senegal Ziguinchor
60%
Niger Zinder
60%
Russia Blagoveshchensk
59%
Malawi Blantyre
59%
South Africa Bloemfontein
59%
Bangladesh Dhaka
59%
Iceland Egilsstadir
59%
Russia Egvekinot
59%
Russia Khabarovsk
59%
Saudi Arabia Khamis Mushait
59%
Russia Khandyga
59%
Russia Khanty-Mansiysk
59%
Russia Kharabali
59%
Pakistan Kharan
59%
Ukraine Kharkiv
59%
Sudan Khartoum
59%
Afghanistan | Iran Khash
59%
Russia Khatanga
59%
Russia Khilok
59%
Ukraine Khmel'nyts'kyy
59%
Thailand Khon Kaen
59%
Russia Khorinsk
59%
Namibia Khorixas
59%
Iran Khorramabad
59%
Mongolia Khovd
59%
Tajikistan Khujand
59%
Russia Khulimsunt
59%
Bangladesh Khulna
59%
Iran Khvoy
59%
Ukraine Odessa
59%
Côte d'Ivoire Odienne
59%
Lesotho Qacha's Nek
59%
Saudi Arabia Qal`at Bishah
59%
China Qamdo
59%
Denmark Qaqortoq
59%
Kazakhstan Qarauyl
59%
Kazakhstan Qarazhal
59%
Kazakhstan Qarqaraly
59%
Uzbekistan Qarshi
59%
Egypt Qasr al Farafirah
59%
Iran Qazvin
59%
Vietnam Thanh Pho Cao Bang
59%
Canada The Pas
59%
Germany The Ruhr
59%
Greece Thessaloniki
59%
Maldives Thinadhoo
59%
India Thiruvananthapuram
59%
Canada Thompson
59%
Canada Thunder Bay
59%
Australia Thursday Island
59%
Cameroon Yokadouma
59%
Japan Yonakuni
59%
Canada Yorkton
59%
Australia Young
59%
Germany Dresden
58%
Canada Dryden
58%
Marshall Islands Ebaye
58%
Cameroon Ebolowa
58%
Marshall Islands Ebon
58%
India | Pakistan Hyderabad
58%
North Korea Hyesan-si
58%
Democratic Republic of the Congo Ilebo
58%
Algeria Illizi
58%
Nigeria Ilorin
58%
Denmark Ilulissat
58%
Russia Izhevsk
58%
Turkey Izmir
58%
Russia Kyra
58%
Russia Kyren
58%
Russia Kyzyl
58%
Kazakhstan Kyzylorda
58%
South Africa Cradock
57%
Romania Craiova
57%
Canada Cranbrook
57%
Brazil Crateus
57%
Colombia Cravo Norte
57%
Brazil Cruzeiro do Sul
57%
Kazakhstan Ekibastuz
57%
Russia Ekimchan
57%
United States Evansville
57%
Russia Evensk
57%
Nigeria Ibadan
57%
Spain Ibiza
57%
Brazil Ibotirama
57%
Oman `Ibri
57%
Brazil Itaberaba
57%
Brazil Itabuna
57%
Brazil Itacoatiara
57%
Brazil Itaituba
57%
Brazil Ituiutaba
57%
Sweden Lycksele
57%
France Lyon
57%
Russia Onega
57%
United States O'Neill
57%
Russia Onguday
57%
Nigeria Onitsha
57%
Myanmar Pyay
57%
North Korea Pyongyang
57%
China Qingdao
57%
China Qinhuangdao
57%
China Qiqihar
57%
Central African Republic Zemio
57%
Russia Zeya
57%
Turkey Zonguldak
57%
Mauritania Zouerat
57%
Russia Krasnodar
56%
Russia Krasnoufimsk
56%
Russia Krasnoyarsk
56%
Ukraine Kremenchuk
56%
Norway Kristiansand
56%
Ukraine Kryvyi Rih
56%
Republic of the Congo Ewo
55%
Somalia Eyl
55%
United States Idaho Falls
55%
Russia Imeni Poliny Osipenko
55%
Brazil Imperatriz
55%
Republic of the Congo Impfondo
55%
India Imphal
55%
Peru Ica
54%
Namibia Opuwo
54%
China Yueyang
54%
Russia Yugorsk
54%
China Yulin
54%
China Yunfu
54%
Peru Yunguyo
54%
Russia Yuzhno-Sakhalinsk
54%
United States Flagstaff
53%
Canada Flin Flon
53%
Colombia Florencia
53%
Brazil Floriano
53%
Brazil Florianopolis
53%
Australia Flying Fish Cove
53%
Greece Ioannina
53%
Russia Vuktyl
53%
Mozambique Xai-Xai
53%
Laos Xam Nua
53%
Somalia Xarardheere
53%
Tanzania Ifakara
52%
Russia Igarka
52%
Russia Igrim
52%
Malaysia Ipoh
52%
Brazil Ipora
52%
Central African Republic Obo
52%
Colombia Ocana
52%
Mongolia OElgiy
52%
Vietnam Pleiku
52%
Bulgaria Pleven
52%
Bulgaria Plovdiv
52%
United Kingdom Plymouth
52%
Iran Qom
52%
Russia Srednekolymsk
52%
India Srinagar
52%
Libya Ghadamis
51%
Botswana Ghanzi
51%
Algeria Ghardaia
51%
Libya Ghat
51%
Afghanistan Ghazni
51%
Madagascar Ihosy
51%
Canada Iqaluit
51%
Chile Iquique
51%
Peru Iquitos
51%
Angola Uacu Cungo
51%
Tanzania Ushirombo
51%
Argentina Ushuaia
51%
Russia Usogorsk
51%
Russia Ust'-Barguzin
51%
Russia Ust'-Ilimsk
51%
Russia Ust'-Kamchatsk Staryy
51%
Kazakhstan Ust-Kamenogorsk
51%
Russia Ust'-Kulom
51%
Russia Ust'-Kut
51%
Russia Ust-Kuyga
51%
Russia Ust-Maya
51%
Russia Ust-Nera
51%
Russia Ust'-Omchug
51%
Russia Ust-Tsilma
51%
China Yichang
50%
China Yichun
50%
China Yinchuan
50%
China Yingbazha
50%
China Yiwu
50%
India Bhagalpur
49%
Myanmar Bhamo
49%
India Bhatinda
49%
India Bhilai
49%
India Bhilwara
49%
India Bhopal
49%
India Bhubaneswar
49%
Poland Bydgoszcz
49%
Brazil Ijui
49%
Japan Iwaki
49%
Republic of the Congo Owando
49%
Myanmar Myeik
48%
Myanmar Myitkyina
48%
Ukraine Mykolaïv
48%
Russia Mys-Kamennyy
48%
India Mysore
48%
Russia Ozernovskiy
48%
United States Ozona
48%
Mongolia Undurkhaan
48%
Marshall Islands Utrik
48%
Russia Nyagan
47%
Russia Nyandoma
47%
Australia Nyngan
47%
Russia Nyurba
47%
Gabon Oyem
47%
Croatia Split
47%
United States Spokane
47%
South Africa Springbok
47%
United States Springfield
47%
Ukraine Uman'
47%
Sweden Umea
47%
Sudan Umm Kaddadah
47%
Saudi Arabia Umm Lajj
47%
Sudan Umm Ruwaba
47%
Brazil Umuarama
47%
Canada Slave Lake
46%
Russia Slavgorod
46%
United States Tyler
46%
Russia Tynda
46%
Russia Tyrma
46%
Russia Tyumen
46%
Russia Ufa
46%
India Udaipur
45%
Thailand Udon Thani
45%
Angola Uige
45%
Somalia Xuddur
45%
China Xuzhou
45%
Brazil Uberlandia
44%
Thailand Ubon Ratchathani
44%
Denmark Upernavik
44%
South Africa Upington
44%
Lithuania Klaipeda
43%
Russia Klyuchi
43%
Russia Ryazan'
43%
Russia Ukhta
43%
Republic of the Congo Djambala
42%
Algeria Djelfa
42%
Djibouti Djibouti
42%
Benin Djougou
42%
Australia Swan Hill
40%
Canada Swan River
40%
Canada Swift Current
40%
Kenya | Uganda Mbale
39%
Democratic Republic of the Congo Mbandaka
39%
Angola Mbanza Congo
39%
Democratic Republic of the Congo Mbanza-Ngungu
39%
Uganda Mbarara
39%
Tanzania Mbeya
39%
Democratic Republic of the Congo Mbuji-Mayi
39%
South Africa Schweizer-Reneke
39%
United States Scottsbluff
39%
Sweden Skelleftea
39%
Russia Skovorodino
39%
Marshall Islands Ujae
39%
Bolivia Uyuni
39%
Finland Jyväskylä
38%
Morocco Smara
38%
Russia Smolensk
38%
China Zhangjiajie
38%
China Zhangjiakou
38%
China Zhangye
38%
China Zhanjiang
38%
China Zhaotong
38%
Kazakhstan Zharkent
38%
Russia Zheleznogorsk-Ilimskiy
38%
China Zhengzhou
38%
Kazakhstan Zhezqazghan
38%
Russia Zhigalovo
38%
Russia Zhigansk
38%
Pakistan Zhob
38%
China Zhongshu
38%
China Zhumadian
38%
Kazakhstan Zhumysker
38%
Ukraine Zhytomyr
38%
New Zealand Whangarei
37%
Canada Whitecourt
37%
Canada Whitehorse
37%
Australia Whyalla
37%
Poland Wroclaw
37%
Poland Gdansk
36%
China Lhasa
36%
Indonesia Lhokseumawe
36%
Russia Vladikavkaz
36%
Russia Vladimir
36%
Russia Vladivostok
36%
Ukraine Dnipropetrovsk
35%
Angola N'dalatando
35%
Central African Republic Ndele
35%
Chad N'Djamena
35%
Poland Szczecin
35%
Denmark Uummannaq
35%
Pakistan Gwadar
34%
India Gwalior
34%
South Korea Gwangju
34%
Zimbabwe Gweru
34%
Belarus Hrodna
33%
United States McAllen
33%
United States McCall
33%
United States McMurdo Station
33%
Georgia Tbilisi
33%
Russia Vyaz'ma
33%
Russia Vyborg
33%
Russia Vysokogornyy
33%
Russia Vytegra
33%
Kazakhstan Dzhambeyty
32%
Kazakhstan Dzhetygara
32%
Mongolia Tsetserleg
32%
Botswana Tshabong
32%
Democratic Republic of the Congo Tshikapa
32%
Russia Zyryanka
32%
United States Knoxville
30%
Tanzania Mlimba
30%
Tunisia Sfax
30%
Russia Svetlaya
30%
Democratic Republic of the Congo Gbadolite
29%
Liberia Gbarnga
29%
Vietnam Nha Trang
29%
Australia Nhulunbuy
29%
Russia Pskov
29%
United States Twin Falls
29%
Slovenia Ljubljana
28%
Canada Gjoa Haven
27%
Vietnam Kwang Binh
27%
Canada Lloydminster
27%
Ukraine Lviv
27%
Russia Mnogovershinnyy
27%
South Africa Mthatha
27%
Tanzania Mtwara
27%
Tanzania Mwanza
27%
Democratic Republic of the Congo Mweka
27%
Zambia Mwinilunga
27%
South Africa Vredendal
27%
Tanzania Mpanda
26%
Zambia Mpika
26%
Zambia Mporokoso
26%
Cameroon Ngaoundere
26%
Niger Nguigmi
26%
Tanzania Nguruka
26%
South Africa Mmabatho
25%
Malawi Mzuzu
24%
Guinea Nzerekore
24%
Angola Nzeto
24%
Russia Tver
24%
Kazakhstan Yrghyz
24%
Tanzania Mgandu
21%
Malawi Nsanje
21%
Poland Rzeszow
20%
Russia Rzhev
20%
Gabon Tchibanga
20%
Russia Zlatoust
20%
Zambia Nchelenge
19%
No matching quizzes found
Score Distribution
Percent of People with Each Score
Percentile by Number Answered
Your Score History
You have not taken this quiz since the last reset